LEADER 00821nam--2200313---450 001 990000478960203316 005 20200828062840.0 035 $a0047896 035 $aUSA010047896 035 $a(ALEPH)000047896USA01 035 $a0047896 100 $a20010529d1986----km-y0itay0103----ba 101 $arus 102 $aRU 105 $a||||||||001yy 200 1 $aP'esi$fMihail Afanas'evic Bulgakov 210 $aMoskva$cSovietskij Pisatel'$d1986 215 $a654 p.$d21 cm 410 $12001 676 $a891.7 700 1$aBULGAKOV,$bMihail Afanas?evi?$0222457 801 0$aIT$bsalbc$gISBD 912 $a990000478960203316 951 $aVIII.1.A. 607(II r A 411)$bL.M.$cII r A 959 $aBK 969 $aUMA 979 $aANNAMARIA$b90$c20110603$lUSA01$h0936 996 $aP'esi$92855727 997 $aUNISA LEADER 01023nas 2200373 c 450 001 9910896027703321 005 20260218112337.0 035 $a(DE-599)ZDB2041826-7 035 $a(OCoLC)1368096932 035 $a(DE-101)021584222 035 $a(CKB)5720000000236498 035 $a(DE-599)2041826-7 035 $a(EXLCZ)995720000000236498 100 $a20010308a19999999 |y | 101 0 $aeng 135 $aur||||||||||| 181 $ctxt$2rdacontent 182 $cc$2rdamedia 183 $acr$2rdacarrier 200 04$aThe WWW journal of online education$eJOE$fWorld Association for Online Education 210 31$aNew York, NY$c[Verlag nicht ermittelbar]$d1999- 517 3 $aJOE 517 1 $aJournal of online education 608 $aZeitschrift$2gnd-content 676 $a070 676 $a020 676 $a370 801 0$b0355 801 1$bDE-101 801 2$b9999 906 $aJOURNAL 912 $a9910896027703321 996 $aThe WWW journal of online education$94437263 997 $aUNINA